Strategic planning for public relations. / (Record no. 8312)

MARC details
000 -LEADER
fixed length control field 00960nam a22002177a 4500
003 - CONTROL NUMBER IDENTIFIER
control field OSt
005 - DATE AND TIME OF LATEST TRANSACTION
control field 20211217154309.0
008 - FIXED-LENGTH DATA ELEMENTS--GENERAL INFORMATION
fixed length control field 120530t xxu||||| |||| 00| 0 eng d
020 ## - INTERNATIONAL STANDARD BOOK NUMBER
International Standard Book Number 9781138282063
040 ## - CATALOGING SOURCE
Transcribing agency LC
050 ## - LIBRARY OF CONGRESS CALL NUMBER
Classification number HM1221.S77
082 ## - DEWEY DECIMAL CLASSIFICATION NUMBER
Classification number 659.2
100 ## - MAIN ENTRY--PERSONAL NAME
Relator term Smith, Ronald D.
245 ## - TITLE STATEMENT
Title Strategic planning for public relations. /
Statement of responsibility, etc. Ronald D. Smith.
250 ## - EDITION STATEMENT
Edition statement 5th ed.
260 ## - PUBLICATION, DISTRIBUTION, ETC.
Place of publication, distribution, etc. London:
Name of publisher, distributor, etc. Routledge,
Date of publication, distribution, etc. 2017.
300 ## - PHYSICAL DESCRIPTION
Extent xxxiv, 540 p.
Other physical details ill.;
Dimensions 24 cm
505 ## - FORMATTED CONTENTS NOTE
Formatted contents note Contents: 1. Formative research: Analyzing the situation -- Analyzing the organization -- Analyzing the publics -- 2. Strategy: Establishing goals and objectives -- Formulating action and response strategies -- Developing the message strategies -- 3. Tactics: Selecting communication tactics -- Implementing the strategic plan -- 4. Evaluating research: Evaluating the strategic plan --
653 ## - INDEX TERM--UNCONTROLLED
Uncontrolled term Public relations.
-- Strategic planning.
942 ## - ADDED ENTRY ELEMENTS (KOHA)
Source of classification or shelving scheme Library of Congress Classification
Koha item type Books
Holdings
Withdrawn status Lost status Source of classification or shelving scheme Damaged status Not for loan Home library Current library Shelving location Date acquired Full call number Barcode Date last seen Copy number Price effective from Koha item type Total Checkouts
    Library of Congress Classification     WISCONSIN INTERNATIONAL UNIVERSITY COLLEGE, GHANA KUMASI LIBRARY WISCONSIN INTERNATIONAL UNIVERSITY COLLEGE, GHANA KUMASI LIBRARY General Stacks 13/11/2019 HM1221.S77(5e) K/2057/2057/19 17/12/2021 1 17/12/2021 Books  
    Library of Congress Classification     WISCONSIN INTERNATIONAL UNIVERSITY COLLEGE, GHANA KUMASI LIBRARY WISCONSIN INTERNATIONAL UNIVERSITY COLLEGE, GHANA KUMASI LIBRARY General Stacks 13/11/2019 HM1221.S771(5e) K/2058/2058/19 17/12/2021 2 17/12/2021 Books  
    Library of Congress Classification     WISCONSIN INTERNATIONAL UNIVERSITY COLLEGE, GHANA KUMASI LIBRARY WISCONSIN INTERNATIONAL UNIVERSITY COLLEGE, GHANA KUMASI LIBRARY General Stacks 13/11/2019 HM1221.S772(5e) K/2059/2059/19 17/12/2021 3 17/12/2021 Books  
    Library of Congress Classification     WISCONSIN INTERNATIONAL UNIVERSITY COLLEGE, GHANA KUMASI LIBRARY WISCONSIN INTERNATIONAL UNIVERSITY COLLEGE, GHANA KUMASI LIBRARY General Stacks 14/11/2019 HM1221.S773(5e) K/2186/2186/19 17/12/2021 4 17/12/2021 Books  
    Library of Congress Classification     WISCONSIN INTERNATIONAL UNIVERSITY COLLEGE, GHANA KUMASI LIBRARY WISCONSIN INTERNATIONAL UNIVERSITY COLLEGE, GHANA KUMASI LIBRARY General Stacks 14/11/2019 HM1221.S774(5e) K/2187/2187/19 17/12/2021 5 17/12/2021 Books  
    Library of Congress Classification     WISCONSIN INTERNATIONAL UNIVERSITY COLLEGE, GHANA KUMASI LIBRARY WISCONSIN INTERNATIONAL UNIVERSITY COLLEGE, GHANA KUMASI LIBRARY General Stacks 14/11/2019 HM1221.S775(5e) K/2188/2188/19 17/12/2021 6 17/12/2021 Books  
    Library of Congress Classification     WISCONSIN INTERNATIONAL UNIVERSITY COLLEGE, GHANA KUMASI LIBRARY WISCONSIN INTERNATIONAL UNIVERSITY COLLEGE, GHANA KUMASI LIBRARY General Stacks 14/11/2019 HM1221.S776(5e) K/2189/2189/19 17/12/2021 7 17/12/2021 Books  

If you have any concerns or questions; kindly contact the library


© Powered by WIUC ICT DIRECTORATE